Sports Quiz

Random Sports or Clickable Quiz

Welcome to the Premier League! (2018 Summer) Quiz Stats

 Plays Quiz not verified by Sporcle

Score 0/18 Timer 02:30
0 Plays Today
% Correct
Fred
97.2%
Naby Keïta
96.7%
Jorginho
96%
Stephan Lichtsteiner
94.7%
João Moutinho
93.6%
Yerry Mina
92.7%
Andriy Yarmolenko
87.8%
Jean Michaël Seri
86.8%
Max Meyer
79.8%
% Correct
Jannik Vestergaard
71.6%
Jefferson Lerma
70%
Fabian Schär
66.4%
Alireza Jahanbakhsh
64.5%
Bobby Reid
63.8%
Erik Durm
57.7%
Daniel Arzani
55%
Filip Benković
46.2%
Adam Masina
40.4%

You're not logged in!

Compare scores with friends on all Sporcle quizzes.
OR
Log In

You Might Also Like...

Show Comments

Extras

Top Quizzes Today


Score Distribution

Your Account Isn't Verified!

In order to create a playlist on Sporcle, you need to verify the email address you used during registration. Go to your Sporcle Settings to finish the process.

Report this User

Report this user for behavior that violates our Community Guidelines.

Details: